00282nam a2200121Ia 4500008004100000041000900041082001800050100002200068245001900090260003500109300000800144650000800152230718s9999 xx 000 0 und d aEng. a346.53bAWA-S aAwan,Tariq Ambrin 0aSuccession act aPakistanbirfan law bookc2012 a224 aLaw